| 000 | 00999cam a2200265 a 4500 | ||
|---|---|---|---|
| 001 | 2232 | ||
| 003 | BD-RjUL | ||
| 005 | 20211208233516.0 | ||
| 008 | 131210t19671966ilu bs 001 0 eng d | ||
| 035 |
_a(BD-RjUL)2259 _aOCLC ocm00165720 from D950506M |
||
| 040 |
_aDLC _cDLC _dEQO _dBD-RjUL _beng |
||
| 041 | _aeng | ||
| 082 |
_a315.1 _bCHC 1967 |
||
| 100 | 1 |
_aChen, Nai-ruenn, _d1926- _97273 |
|
| 245 | 1 | 0 |
_aChinese economic statistics : _ba handbook for mainland China / _cby Nai-Ruenn Chen. |
| 260 |
_aChicago : _bAldine Publishing Company, _cc1966. |
||
| 300 |
_axxxi, 539 p. ; _c26 cm. |
||
| 500 | _a"A monograph of the Committee on the Economy of China of the Social Science Research Council."--Dust jacket. | ||
| 504 | _aIncludes bibliographical references (p. 499-516) and indexes. | ||
| 651 | 0 |
_aChina _xStatistics. _97274 |
|
| 710 | 2 |
_aSocial Science Research Council (U.S.). _bCommittee on the Economy of China. _97275 |
|
| 942 |
_2ddc _cBK |
||
| 999 |
_c2232 _d2232 |
||